Un derrotero del Mar del Sur: el Pacífico americano a fines del siglo XVII
Saved in:
| Main Author: | |
|---|---|
| Other Authors: | |
| Format: | Book |
| Language: | Spanish |
| Published: |
Santiago, Chile.
Ediciones Biblioteca Nacional de Chile,
2018
|
| Edition: | 1a. ed |
| Subjects: | |
| Tags: |
Add Tag
No Tags, Be the first to tag this record!
|
MARC
| LEADER | 00000cam a2200000 a 4500 | ||
|---|---|---|---|
| 001 | UCC8798 | ||
| 003 | CL-VaPUC | ||
| 005 | 20221128125840.0 | ||
| 008 | 190814e20180000cl |||||||||||||||||spa|d | ||
| 999 | |c 375049 |d 375047 | ||
| 020 | |a 9789562444187 | ||
| 040 | |c Pontificia Universidad Católica de Valparaíso | ||
| 082 | 0 | 4 | |a 990.0096 |b MOR |2 21 |
| 100 | |a Moreno Jeria, Rodrigo |e autor |9 868197 | ||
| 245 | 1 | 3 | |a Un derrotero del Mar del Sur: el Pacífico americano a fines del siglo XVII |
| 250 | |a 1a. ed | ||
| 260 | |a Santiago, Chile. |b Ediciones Biblioteca Nacional de Chile, |c 2018 | ||
| 300 | |a 539 páginas | ||
| 583 | |a last modification |c 20190814 14:59:00 |k Rodrigo Vera | ||
| 650 | 0 | |a Descubrimientos y exploraciones |2 CL-VaPUC |9 266189 | |
| 650 | 0 | |a Cartografía |9 266055 | |
| 650 | 0 | |a Océano pacífico |2 CL-VaPUC |9 259948 | |
| 700 | |a Ortiz Sotelo, Jorge |e autor |9 603508 | ||
| 942 | |c BK |2 ddc | ||
| 945 | |d 20190814 14:59:00 |a dcastane | ||
| 952 | |0 0 |1 0 |3 erd |4 0 |6 990_009600000000000_MOR_2018 |7 0 |8 A |9 493912 |a BIBHIS |b BIBHIS |i 5558751 |l 1 |o 990.0096 MOR 2018 |p 5558751 |r 2025-01-20 |s 2024-10-01 |w 2019-11-24 |y BK |z Catalogado en:20190814 |k HIS | ||